| 000 | 00603 a2200181 4500 | ||
|---|---|---|---|
| 999 |
_c8254 _d8254 |
||
| 020 | _a0852268971 : | ||
| 050 | 0 | 0 | _aTD 511 VAR 1983 |
| 100 |
_aVarshney, C.K. _eeditor |
||
| 245 | 0 | 0 |
_aWater pollution and management / _cC.K. Varshney |
| 264 |
_aNew Delhi : _bNew Age International Limited Publishers, _c1983 |
||
| 300 |
_avi, 242 p. : _bill. ; |
||
| 500 | _aIncludes bibliographical references and index | ||
| 504 | _aIncludes bibliographical references and index | ||
| 650 | 0 |
_aWater _xPollution. |
|
| 650 | 0 |
_aWater _xPollution. |
|
| 650 | 0 | _aWater quality management. | |
| 942 |
_2lcc _cBK _h511 _iVAR _kTD |
||